International Business / (Record no. 377)
[ view plain ]
| 000 -LEADER | |
|---|---|
| fixed length control field | 00634nam a22002057a 4500 |
| 003 - CONTROL NUMBER IDENTIFIER | |
| control field | BD-DhUIB |
| 005 - DATE AND TIME OF LATEST TRANSACTION | |
| control field | 20241106112637.0 |
| 008 - FIXED-LENGTH DATA ELEMENTS--GENERAL INFORMATION | |
| fixed length control field | 241106b |||||||| |||| 00| 0 eng d |
| 020 ## - INTERNATIONAL STANDARD BOOK NUMBER | |
| International Standard Book Number | 9781265038540 |
| 040 ## - CATALOGING SOURCE | |
| Original cataloging agency | BD-DhUIB |
| Transcribing agency | BD-DhUIB |
| 082 ## - DEWEY DECIMAL CLASSIFICATION NUMBER | |
| Edition number | 14 |
| Classification number | 658.049 H55i |
| 100 ## - MAIN ENTRY--PERSONAL NAME | |
| Personal name | Hill Charles W.L. |
| 9 (RLIN) | 301 |
| 245 ## - TITLE STATEMENT | |
| Title | International Business / |
| Remainder of title | competing in the global marketplace : |
| Statement of responsibility, etc. | by Charles W. L. Hill |
| 250 ## - EDITION STATEMENT | |
| Edition statement | 14th ed. |
| 260 ## - PUBLICATION, DISTRIBUTION, ETC. | |
| Place of publication, distribution, etc. | New York : |
| Name of publisher, distributor, etc. | Mc-Grow Hill, |
| Date of publication, distribution, etc. | c2023 : |
| 300 ## - PHYSICAL DESCRIPTION | |
| Extent | xxvi, 704p, |
| Other physical details | ill. ; |
| Dimensions | 27 cm. |
| 526 ## - STUDY PROGRAM INFORMATION NOTE | |
| Program name | BBA |
| 650 ## - SUBJECT ADDED ENTRY--TOPICAL TERM | |
| Source of heading or term | International Business competing in the global marketplace |
| 942 ## - ADDED ENTRY ELEMENTS (KOHA) | |
| Source of classification or shelving scheme | Dewey Decimal Classification |
| Koha item type | Books |
| Withdrawn status | Lost status | Source of classification or shelving scheme | Damaged status | Not for loan | Collection code | Home library | Current library | Shelving location | Date acquired | Source of acquisition | Total Checkouts | Full call number | Barcode | Date last seen | Copy number | Price effective from | Koha item type |
|---|---|---|---|---|---|---|---|---|---|---|---|---|---|---|---|---|---|
| Dewey Decimal Classification | Fiction | IBA Library | IBA Library | General Stacks | 09/26/2023 | Purchase | 658.049 H55i | 00051474 | 11/06/2024 | c-1 | 11/06/2024 | Books | |||||
| Dewey Decimal Classification | Fiction | IBA Library | IBA Library | General Stacks | 09/26/2023 | Purchase | 658.049 H55i | 00051475 | 11/06/2024 | c-2 | 11/06/2024 | Books | |||||
| Dewey Decimal Classification | Non-fiction | IBA Library | IBA Library | General Stacks | 01/02/2026 | Purchase | 658.049H55i | 00051714 | 02/02/2026 | C-3 | 02/02/2026 | Books | |||||
| Dewey Decimal Classification | Non-fiction | IBA Library | IBA Library | General Stacks | 02/08/2026 | Purchase | 658.049H55i | 00051718 | 02/15/2026 | C-4 | 02/15/2026 | Books |
